Bible Decisions: I Samuel Quiz Stats

 Plays Quiz not verified by Sporcle

Score 0/8 Timer 05:00
0 Plays Today
Question Answer Wrong Answers
No man in Israel was willing to fight the giant Goliath one-on-one. David famously sank a stone into Goliath's forehead. In the next moment, David: ???
72.4%
???
15.7%
???
2.9%
???
5.9%
Saul grew murderously jealous of David. While he was hiding out in a cave, Saul happened to enter the same cave to relieve himself. David's men encouraged him to kill Saul while he had the chance. David: ???
69.5%
???
5%
???
17.7%
???
3.6%
The Philistines again began to harass Israel. The prophet Samuel told Saul to meet him in seven days at Gilgal where Samuel would offer burnt offerings and peace offerings to the Lord before battle. On the seventh day, seeing Samuel nowhere, Saul: ???
66.4%
???
6.7%
???
16.1%
???
8.6%
The prophet Samuel had died. The Philistines were attacking again, and Saul was without spiritual counsel. Saul: ???
60.3%
???
10.9%
???
12.9%
???
11.3%
The Philistines had been suffering since they defeated Israel and took the ark of the covenant seven months earlier. Suspecting the plague was related to the ark, the Philistines: ???
59.3%
???
9%
???
15.4%
???
16.2%
At Mount Gilboa, the Philistines were winning the battle against Israel. Saul himself was injured by the archers. He asked his armor-bearer to kill him before the Philistines could abuse him. The armor-bearer: ???
54.9%
???
19.5%
???
13%
???
6.8%
The Philistines sent Saul's armor to their temple in Ashtaroth, beheaded Saul's body, and fastened it to the Beth-Shan wall along with his slain sons'. The men of Jabesh-Gilead: ???
50.3%
???
9.6%
???
25.8%
???
7.6%
The first military test of King Saul's reign came from Nahath the Ammonite, who threatened to half-blind and enslave the city of Jabesh-Gilead. Once Saul defeated the Ammonites, the people called for the deaths of the king's disloyal detractors. Saul: ???
48.7%
???
16.4%
???
25%
???
9.1%

You're not logged in!

Compare scores with friends on all Sporcle quizzes.
OR
Log In

Show Comments

Extras

Top Quizzes Today


Score Distribution

Your Account Isn't Verified!

In order to create a playlist on Sporcle, you need to verify the email address you used during registration. Go to your Sporcle Settings to finish the process.

Report this User

Report this user for behavior that violates our Community Guidelines.

Details: